Largest European Empires - Statistics

General Stats
  • This quiz has been taken 274 times
  • The average score is 6 of 8
Answer Stats
Answer % Correct
1 British Empire
92%
4 French Colonial Empire
91%
2 Russian Empire
89%
3 Spanish Empire
87%
7 Nazi Germany
85%
5 Portugese Empire
70%
6 Roman Empire
59%
8 Macedonian Empire
45%
No matching quizzes found
Score Distribution
Percent of People with Each Score
Percentile by Number Answered
Your Score History
You have not taken this quiz